000 00324nam a2200121Ia 4500
008 220216s9999 xx 000 0 und d
100 _aMani K T
245 0 _aProduction of transparent natural rubber compounds
260 _bPlacrosym III, Cochin, 1980
_c1980
700 _aKuriakose B
700 _aThomas E V
942 _cJS
999 _c65857
_d65857